[Event "FICGS class C 000157 email"]
[Site "FICGS email"]
[Date "2010.09.22"]
[Round "1"]
[White "Abdelghani, Wael"]
[Black "Sternik, Ryszard"]
[Result "0-1"]
[WhiteElo "1722"]
[BlackElo "1798"]
[PlyCount "50"]
[EventDate "2010.??.??"]
[EventType "tourn (corr)"]
[EventRounds "6"]
[SourceTitle "Corr 2013"]
[Source "ChessBase"]
[SourceDate "2012.11.12"]
[SourceVersion "1"]
[SourceVersionDate "2012.11.12"]
[SourceQuality "1"]

1. e4 e5 2. Nf3 Nc6 3. Bb5 a6 4. Ba4 Nf6 5. 0-0 Be7 6. Re1 b5 7. Bb3 0-0 8. a4 Bb7 9. c3 d5 10. axb5 axb5 11. Rxa8 Bxa8 12. exd5 Nxd5 13. Nxe5 Nxe5 14. Rxe5 Nf4 15. d4 Nxg2 16. d5 Nh4 17. Qg4 Kh8 18. Rh5 g6 19. Be3 gxh5 20. Bd4+ f6 21. Qxh4 Bxd5 22. Bc2 Rg8+ 23. Kf1 c5 24. Qxh5 Rg7 25. Be3 Bc4+ 0-1

[Event "FICGS class C 000157 email"]
[Site "FICGS email"]
[Date "2010.09.22"]
[Round "1"]
[White "Vollmer, Steve"]
[Black "Abdelghani, Wael"]
[Result "1/2-1/2"]
[WhiteElo "1627"]
[BlackElo "1722"]
[PlyCount "163"]
[EventDate "2010.??.??"]
[EventType "tourn (corr)"]
[EventRounds "6"]
[SourceTitle "Corr 2013"]
[Source "ChessBase"]
[SourceDate "2012.11.12"]
[SourceVersion "1"]
[SourceVersionDate "2012.11.12"]
[SourceQuality "1"]

1. d4 Nf6 2. c4 c5 3. d5 e6 4. Nc3 exd5 5. cxd5 d6 6. e4 g6 7. Nf3 Bg7 8. Be2 0-0 9. 0-0 Re8 10. Qc2 a6 11. a4 b6 12. h3 Nbd7 13. Bf4 Ne5 14. Nxe5 dxe5 15. Bg5 h6 16. Bh4 Qc7 17. Rfd1 Qd6 18. Rac1 Bd7 19. b3 Rec8 20. Qd3 Ne8 21. g4 Nc7 22. Qf3 b5 23. Bd3 Rab8 24. axb5 axb5 25. Ne2 Ne8 26. Rc3 Qb6 27. Rdc1 Nd6 28. Qe3 c4 29. Qxb6 Rxb6 30. bxc4 bxc4 31. Bxc4 Nxe4 32. R3c2 Rb4 33. Be7 Rbb8 34. Ba6 Re8 35. Bh4 Nd6 36. Rc7 Bb5 37. Bxb5 Rxb5 38. R1c5 Rxc5 39. Rxc5 Rc8 40. Rxc8+ Nxc8 41. Bd8 Bf8 42. Nc3 Nd6 43. f3 f5 44. Kf2 Kf7 45. Ke2 Be7 46. Bc7 Ke8 47. Kd3 Kd7 48. Bb8 Bd8 49. Ba7 Ba5 50. Be3 Bxc3 51. Kxc3 h5 52. Bh6 Ne8 53. Kc4 Nf6 54. g5 Ne8 55. Kc5 Ke7 56. h4 Kf7 57. Kc4 f4 58. Kd3 Nd6 59. Kc3 Nf5 60. Kd3 Ng3 61. Kd2 e4 62. fxe4 Nxe4+ 63. Ke1 Nc3 64. d6 Ke6 65. d7 Kxd7 66. Kd2 Nd5 67. Ke2 Ke6 68. Kf3 Kf5 69. Bf8 Nc7 70. Bc5 Ne6 71. Bb6 Ke5 72. Bf2 Ng7 73. Be1 Kf5 74. Ba5 Ne6 75. Bb6 Nxg5+ 76. hxg5 Kxg5 77. Bc7 Kf5 78. Bxf4 g5 79. Bc7 h4 80. Bd6 g4+ 81. Kg2 g3 82. Bxg3 1/2-1/2

[Event "FICGS rapid B 000160 email"]
[Site "FICGS email"]
[Date "2010.09.18"]
[Round "1"]
[White "Abdelghani, Wael"]
[Black "Wolf, Bernd"]
[Result "0-1"]
[WhiteElo "1722"]
[BlackElo "1815"]
[PlyCount "36"]
[EventDate "2010.??.??"]
[EventType "tourn (rapid)"]
[EventRounds "5"]
[SourceTitle "Corr 2013"]
[Source "ChessBase"]
[SourceDate "2012.11.12"]
[SourceVersion "1"]
[SourceVersionDate "2012.11.12"]
[SourceQuality "1"]

1. e4 c5 2. Nf3 Nc6 3. d4 cxd4 4. Nxd4 Nf6 5. Nc3 e5 6. Ndb5 d6 7. Nd5 Nxd5 8. exd5 Nb8 9. Qf3 a6 10. Qa3 Be7 11. Bd2 0-0 12. Bb4 Qd7 13. c4 axb5 14. Qxa8 Na6 15. Bd2 bxc4 16. Bxc4 Qg4 17. Bxa6 Qxg2 18. 0-0-0 Bf5 0-1

[Event "FICGS rapid C 000090 email"]
[Site "FICGS email"]
[Date "2010.07.05"]
[Round "1"]
[White "Nguyen, Hao Nhien"]
[Black "Abdelghani, Wael"]
[Result "0-1"]
[WhiteElo "1669"]
[BlackElo "1653"]
[PlyCount "84"]
[EventDate "2010.??.??"]
[EventType "tourn (rapid)"]
[EventRounds "5"]
[SourceTitle "Corr 2013"]
[Source "ChessBase"]
[SourceDate "2012.11.12"]
[SourceVersion "1"]
[SourceVersionDate "2012.11.12"]
[SourceQuality "1"]

1. d4 Nf6 2. c4 e6 3. Nc3 Bb4 4. Bd2 c5 5. d5 d6 6. a3 Bxc3 7. Bxc3 exd5 8. cxd5 0-0 9. Nf3 Ne4 10. e3 Bg4 11. h3 Bh5 12. Bd3 Qe7 13. Qc2 Bg6 14. Nd2 Re8 15. 0-0 Nd7 16. Rae1 a6 17. Nxe4 Bxe4 18. Bxe4 Qxe4 19. Qxe4 Rxe4 20. f3 Rc4 21. e4 b5 22. Rc1 b4 23. axb4 cxb4 24. Bd2 Rac8 25. Ra1 Rc2 26. Bf4 Rxb2 27. Rxa6 h6 28. Bxd6 Rcc2 29. g4 f6 30. Rfa1 Ne5 31. Ra8+ Kh7 32. Bxe5 fxe5 33. d6 Rg2+ 34. Kh1 Rgd2 35. R8a6 b3 36. Rb6 Rh2+ 37. Kg1 Rbg2+ 38. Kf1 b2 39. Rb1 Rc2 40. Kg1 Rhd2 41. Re1 Rc1 42. Kf1 Rdd1 0-1

[Event "FICGS W-ch st1 g18 email"]
[Site "FICGS email"]
[Date "2010.07.02"]
[Round "1"]
[White "Riha, Josef"]
[Black "Abdelghani, Wael"]
[Result "1-0"]
[WhiteElo "2046"]
[BlackElo "1653"]
[PlyCount "55"]
[EventDate "2010.??.??"]
[EventType "tourn (corr)"]
[EventRounds "6"]
[SourceTitle "Corr 2013"]
[Source "ChessBase"]
[SourceDate "2012.11.12"]
[SourceVersion "1"]
[SourceVersionDate "2012.11.12"]
[SourceQuality "1"]

1. e4 c5 2. Nf3 Nc6 3. d4 cxd4 4. Nxd4 Nf6 5. Nc3 e5 6. Ndb5 d6 7. Bg5 a6 8. Na3 b5 9. Nd5 Qa5+ 10. Bd2 Qd8 11. Bg5 Qa5+ 12. Bd2 Qd8 13. Bd3 Be6 14. c4 b4 15. Nxb4 Nd4 16. Nac2 Be7 17. Nxd4 exd4 18. 0-0 0-0 19. Nc6 Qc7 20. Nxd4 Bg4 21. f3 Bd7 22. Be3 Rfe8 23. Qd2 Bf8 24. b4 Rab8 25. Rfc1 g6 26. b5 Qb7 27. bxa6 Qxa6 28. c5 1-0

[Event "FICGS class D 000147 email"]
[Site "FICGS email"]
[Date "2010.04.28"]
[Round "1"]
[White "Colarina, Floram"]
[Black "Abdelghani, Wael"]
[Result "1/2-1/2"]
[WhiteElo "1466"]
[BlackElo "1575"]
[PlyCount "117"]
[EventDate "2010.??.??"]
[EventType "tourn (corr)"]
[EventRounds "6"]
[SourceTitle "Corr 2013"]
[Source "ChessBase"]
[SourceDate "2012.11.12"]
[SourceVersion "1"]
[SourceVersionDate "2012.11.12"]
[SourceQuality "1"]

1. e4 c5 2. Nf3 Nc6 3. d4 cxd4 4. Nxd4 Nf6 5. Nc3 e5 6. Ndb5 d6 7. Bg5 a6 8. Bxf6 gxf6 9. Na3 b5 10. Nd5 f5 11. Bd3 Be6 12. c3 Bg7 13. Qf3 fxe4 14. Bxe4 0-0 15. Nb4 Nxb4 16. Bxa8 Qxa8 17. Qxa8 Rxa8 18. cxb4 e4 19. 0-0-0 Bxa2 20. Rxd6 Rc8+ 21. Kd2 Bxb2 22. Nb1 Rc4 23. Rxa6 Bb3 24. Na3 Rxb4 25. Rb1 Be6 26. Nc2 Bc3+ 27. Kc1 Bd2+ 28. Kxd2 Rxb1 29. Nd4 Bc4 30. Nf5 Rb2+ 31. Ke3 Re2+ 32. Kd4 h5 33. Ra8+ Kh7 34. Ng3 Rxf2 35. Nxe4 Rxg2 36. Nf6+ Kg6 37. Rg8+ Kxf6 38. Rxg2 Kf5 39. h4 Kf4 40. Rg5 Be2 41. Rg2 Bf3 42. Rg5 f6 43. Rxb5 f5 44. Rb8 Kg3 45. Ke3 f4+ 46. Kd2 Kxh4 47. Ke1 Kg3 48. Kf1 h4 49. Rg8+ Bg4 50. Rg7 h3 51. Kg1 f3 52. Rf7 Bh5 53. Rg7+ Kf4 54. Rb7 Bg6 55. Rb2 Ke3 56. Rh2 Bf5 57. Rf2 Bd3 58. Rh2 Bf5 59. Rf2 1/2-1/2

[Event "FICGS class D 000147 email"]
[Site "FICGS email"]
[Date "2010.04.28"]
[Round "1"]
[White "Gonet, Gerard"]
[Black "Abdelghani, Wael"]
[Result "1-0"]
[WhiteElo "1600"]
[BlackElo "1575"]
[PlyCount "57"]
[EventDate "2010.??.??"]
[EventType "tourn (corr)"]
[EventRounds "6"]
[SourceTitle "Corr 2013"]
[Source "ChessBase"]
[SourceDate "2012.11.12"]
[SourceVersion "1"]
[SourceVersionDate "2012.11.12"]
[SourceQuality "1"]

1. f4 c5 2. c4 Nc6 3. Nf3 Nf6 4. Nc3 Nd4 5. e4 d6 6. h3 g6 7. Nxd4 cxd4 8. e5 dxe5 9. fxe5 dxc3 10. exf6 cxd2+ 11. Bxd2 exf6 12. Qe2+ Qe7 13. 0-0-0 Be6 14. b4 Rc8 15. c5 b6 16. Qa6 Bg7 17. Bb5+ Kf8 18. Rhe1 bxc5 19. Qxc8+ Bxc8 20. Rxe7 Kxe7 21. bxc5 Be6 22. Re1 Rd8 23. Bb4 Kf8 24. c6+ Kg8 25. c7 Rc8 26. Bd6 Bf8 27. Bg3 Ba3+ 28. Kc2 Bb4 29. Rxe6 1-0

[Event "FICGS class D 000142 email"]
[Site "FICGS email"]
[Date "2010.02.13"]
[Round "1"]
[White "Abdelghani, Wael"]
[Black "Makosiej, Wladyslaw"]
[Result "1-0"]
[WhiteElo "1563"]
[BlackElo "1534"]
[PlyCount "33"]
[EventDate "2010.??.??"]
[EventType "tourn (corr)"]
[EventRounds "6"]
[SourceTitle "Corr 2013"]
[Source "ChessBase"]
[SourceDate "2012.11.12"]
[SourceVersion "1"]
[SourceVersionDate "2012.11.12"]
[SourceQuality "1"]

1. e4 e6 2. d4 d5 3. Nd2 Nf6 4. Bd3 c5 5. c3 cxd4 6. cxd4 dxe4 7. Nxe4 Bb4+ 8. Nc3 0-0 9. Bg5 Nc6 10. Nf3 h6 11. Bh4 Be7 12. Rc1 Nb4 13. Bb1 Nh5 14. Bxe7 Qxe7 15. Ne5 Nf4 16. a3 Nxg2+ 17. Kf1 1-0

[Event "FICGS class D 000142 email"]
[Site "FICGS email"]
[Date "2010.02.13"]
[Round "1"]
[White "Abdelghani, Wael"]
[Black "Selalmazidis, Arsenis"]
[Result "1-0"]
[WhiteElo "1563"]
[BlackElo "1451"]
[PlyCount "31"]
[EventDate "2010.??.??"]
[EventType "tourn (corr)"]
[EventRounds "6"]
[SourceTitle "Corr 2013"]
[Source "ChessBase"]
[SourceDate "2012.11.12"]
[SourceVersion "1"]
[SourceVersionDate "2012.11.12"]
[SourceQuality "1"]

1. e4 e5 2. Nf3 Nc6 3. Bb5 a6 4. Ba4 Nf6 5. 0-0 Be7 6. Re1 b5 7. Bb3 d6 8. c3 0-0 9. h3 Na5 10. Bc2 c5 11. d4 cxd4 12. cxd4 Bb7 13. Bg5 h6 14. Bh4 Qc7 15. Nbd2 Rac8 16. Rc1 1-0

[Event "FICGS class D 000138 email"]
[Site "FICGS email"]
[Date "2009.12.25"]
[Round "1"]
[White "Payzansky, Aleksey"]
[Black "Abdelghani, Wael"]
[Result "1-0"]
[WhiteElo "1400"]
[BlackElo "1473"]
[PlyCount "65"]
[EventDate "2009.??.??"]
[EventType "tourn (corr)"]
[EventRounds "6"]
[SourceTitle "Corr 2022"]
[Source "ChessBase"]
[SourceDate "2021.10.24"]
[SourceVersion "1"]
[SourceVersionDate "2021.10.24"]
[SourceQuality "1"]

1. e4 c5 2. Nf3 Nc6 3. d4 cxd4 4. Nxd4 Nf6 5. Nc3 e5 6. Ndb5 d6 7. Bg5 a6 8. Na3 b5 9. Nd5 Be7 10. Bxf6 Bxf6 11. c3 0-0 12. Nc2 Bg5 13. a4 bxa4 14. Rxa4 a5 15. Bb5 Bb7 16. 0-0 g6 17. Nce3 f5 18. exf5 gxf5 19. Qh5 Kh8 20. Rd1 Na7 21. Bd3 e4 22. Bc2 Bc6 23. Ra2 Be8 24. Qh3 Bg6 25. Nc4 Nb5 26. Ra4 Ra7 27. f4 exf3 28. Qxf3 Qe8 29. Qf2 Bf7 30. Nxd6 Nxd6 31. Qxa7 Qe2 32. Qd4+ Kg8 33. Qd3 1-0

[Event "FICGS class D 000129 email"]
[Site "FICGS email"]
[Date "2009.08.14"]
[Round "1"]
[White "Abdelghani, Wael"]
[Black "Makosiej, Wladyslaw"]
[Result "1-0"]
[WhiteElo "1405"]
[BlackElo "1531"]
[PlyCount "27"]
[EventDate "2009.??.??"]
[EventType "tourn (corr)"]
[EventRounds "6"]
[SourceTitle "Corr 2022"]
[Source "ChessBase"]
[SourceDate "2021.10.24"]
[SourceVersion "1"]
[SourceVersionDate "2021.10.24"]
[SourceQuality "1"]

1. Nf3 e6 2. g3 f5 3. Bg2 Nf6 4. 0-0 c6 5. d3 d5 6. Nbd2 Be7 7. c3 0-0 8. Qc2 Bd7 9. Rd1 Be8 10. e4 dxe4 11. dxe4 fxe4 12. Nxe4 Nbd7 13. Neg5 Bf7 14. Ne5 1-0